Statistics for Geography True or False Part 1

Click here to take the quiz!

General Stats

  • This quiz has been taken 110 times
  • The average score is 6 of 11

Answer Stats

QuestionAnswer% Correct
Tanzania touches the three largest lakes in Africa.True
79%
Bethlehem is the birthplace of Mary (mother of Jesus)False
74%
Palestine is an observer state of the UN.True
72%
Como is a region that is part of SwitzerlandFalse
69%
The second most populated city in Tonga is Lapaha.True
66%
The capital of Nigeria is LagosFalse
64%
Kriti is Greek for Crete.True
64%
Tibet is the westernmost Chinese province.False
62%
Memphis is the largest city in TennesseeFalse
47%
Yaren is the official capital of NauruFalse
31%
Half of the Swiss population speaks GermanFalse
16%

Score Distribution

Percentile by Number Answered

Percent of People with Each Score

Your Score History

You have not taken this quiz